00685nam a22002177a 4500003000500000005001700005008004100022010000900063011000900072035000900081040000900090100003200099245012500131260004000256300001100296500001200307502005500319650004600374650002300420650002400443CHAP20220329133245.0971013s1991 r 00010 d a4022 a4994 a4199 cCHAP00aQuiroz Rodríguez, Manuel. aEvaluación finaciera y descripción técnica del cultivo del trigo en el Bajío guanajuatenseb: un estudio de caso aChapingo, Méx. :bEl Autor,c1991 a110 h. aD52-102 aTesis (Ing. Agr. Esp. en Economía Agrícola) --14aTrigoxAspectos económicosxGuanajuato.14aTrigoxGuanajuato.14aTrigoxRendimiento.